000
00359nam a2200133Ia 4500
008
151001s9999||||xx |||||||||||||| ||und||
100
_a
प्रकाश कदम
245
_a
कातील
250
_a
1
260
_b
शब्दसन्मान प्रकाशन पुणे
260
_c
1990
300
_a
174
365
_b
18
999
_c
968367
_d
968364